Entry Nombre personal
001 - NÚMERO DE CONTROL
- campo de control: 23557
003 - IDENTIFICADOR DEL NÚMERO DE CONTROL
- campo de control: BNPHU
005 - FECHA Y HORA DE LA ÚLTIMA TRANSACCIÓN
- campo de control: 20240226142654.0
008 - DATOS DE LONGITUD FIJA
- campo de control de longitud fija: 200615|| aca||aabn | a|a d
040 ## - FUENTE DE LA CATALOGACIÓN
- Centro catalogador/agencia de origen: DO-SdBNP
- Lengua de catalogación: spa
- Centro/agencia transcriptor: BNPHU
- Normas de descripción: rda
100 1# - ENCABEZAMIENTO-NOMBRE DE PERSONA
- Nombre de persona: Cartagena Portalatín, Aída,
- Fechas asociadas al nombre: 1918-1994
370 ## - LUGAR ASOCIADO
- Lugar de nacimiento: Moca (República Dominicana)
- Lugar de fallecimiento: Santo Domingo (República Dominicana)
- Otro lugar asociado: Paris (Francia)
373 ## - GRUPO ASOCIADO
- Grupo asociado: Universidad Autónoma de Santo Domingo
374 ## - OCUPACIÓN
- Ocupación: Escritora
- Ocupación: Maestra
375 ## - GÉNERO/SEXO
- Género/Sexo: Femenino
377 ## - LENGUA/LENGUAJE ASOCIADO
- Código del idioma: spa
400 1# - TRAZADO DE VÉASE--NOMBRE DE PERSONA
- Nombre de persona: Cartagena, Aída
400 1# - TRAZADO DE VÉASE--NOMBRE DE PERSONA
- Nombre de persona: Portalatín, Aída Cartagena
670 ## - FUENTE DE DATOS ENCONTRADOS
- Cita de la fuente: Breve antología de la poesía dominicana /, 2004.
670 ## - FUENTE DE DATOS ENCONTRADOS
- Cita de la fuente: Narradores dominicanos, 1969
670 ## - FUENTE DE DATOS ENCONTRADOS
- Cita de la fuente: Praises and offenses, 2009
